• 首页
  • 本馆介绍
  • 公告通知
  • 最新文献
  • 馆藏检索
  • 电子资源
  • 读者导购
  • 参考咨询
  • 我的图书馆
  • 登录
  • 详细信息显示
  • 放入我的书架
  • 预约/预借图书
  • 作者相关作品
  • 分类相关作品
  • 丛书相关作品
  • 出版社相关作品

书目信息

  • 表格格式
  • 工作单格式
  • 卡片格式
题名:
马克思主义垄断资本理论的当代发展研究
    
 
作者: 李灵燕, 著
分册:  
出版信息: 北京   中国经济出版社  2019.04
页数: 211页
开本: 24cm
丛书名: 西北大学经济管理学院博士文库
单 册:
中图分类: A81 , F038
科图分类:
主题词: 马克思主义--ma ke si zhu yi--垄断资本主义--理论研究
电子资源:
ISBN: 978-7-5136-5625-2
000 01685nam 2200313 450
001 CAL 0120192721720
005 20230217093111.0
010    @a978-7-5136-5625-2@dCNY59.00
100    @a20200521d2019 em y0chiy0120 ea
101 0  @achi
102    @aCN@b110000
105    @ay a 001yy
106    @ar
200 1  @a马克思主义垄断资本理论的当代发展研究@Ama ke si zhu yi long duan zi ben li lun de dang dai fa zhan yan jiu@d= A study on the contemporary development of maxism monopoly capitalism theories@f李灵燕著@zeng
210    @a北京@c中国经济出版社@d2019.04
215    @a211页@d24cm
225 2  @a西北大学经济管理学院博士文库@Axi bei da xue jing ji guan li xue yuan bo shi wen ku
300    @a西北大学“双一流”建设项目资助 国家社会科学基金西部项目 (NO.12XJL001)
314    @a李灵燕, 西北大学经济学博士, 西安交通大学应用经济学博士后, 美国威斯康星大学访问学者。
320    @a有书目 (第199-206页) 和索引
330    @a本书通过考察美国军事产业的运作模式以及军事产业和其他产业间的相互作用, 提出了能解释“黄金时期”高积累率、高利润率和高工资率并存现象的综合性理论框架: 政府通过军事订购合同和研发补贴等为大公司创造了巨大的投资获利空间, 而军事产业扩张导致的就业和购买力增长又支撑了消费品产业大公司通过扩大生产规模来提高生产率和降低单位产品成本, 并因其一定时期的垄断地位而实现利润率和工资率的共同提高。
410  0 @12001 @a西北大学经济管理学院博士文库
510 1  @aStudy on the contemporary development of maxism monopoly capitalism theories@zeng
606 0  @a马克思主义@Ama ke si zhu yi@x垄断资本主义@x理论研究
690    @aA81@v5
690    @aF038@v5
701  0 @a李灵燕,@Ali ling yan@f1972-@4著
801  0 @aCN@bBJXHZP@c20230228
905    @b1381009-13@dA81@e433@f5
    
    马克思主义垄断资本理论的当代发展研究= A study on the contemporary development of maxism monopoly capitalism theories/李灵燕著.-北京:中国经济出版社,2019.04
    211页;24cm.-(西北大学经济管理学院博士文库)
    西北大学“双一流”建设项目资助 国家社会科学基金西部项目 (NO.12XJL001)
    
    ISBN 978-7-5136-5625-2:CNY59.00
    本书通过考察美国军事产业的运作模式以及军事产业和其他产业间的相互作用, 提出了能解释“黄金时期”高积累率、高利润率和高工资率并存现象的综合性理论框架: 政府通过军事订购合同和研发补贴等为大公司创造了巨大的投资获利空间, 而军事产业扩张导致的就业和购买力增长又支撑了消费品产业大公司通过扩大生产规模来提高生产率和降低单位产品成本, 并因其一定时期的垄断地位而实现利润率和工资率的共同提高。
●
相关链接 在E读中查询图书 在五车中查询图书 在当当中查询图书 在豆瓣中查询图书


正题名:马克思主义垄断资本理论的当代发展研究     索取号:A81/433         预约/预借

序号 登录号 条形码 馆藏地/架位号 状态 备注
1 1381009   213810090   第一样本阅览室/ [索取号:A81/433] 在馆    
2 1381010   213810107   第一借阅区/ [索取号:A81/433] 在馆    
3 1381011   213810116   第一借阅区/ [索取号:A81/433] 在馆    
4 1381012   213810125   第一借阅区/ [索取号:A81/433] 在馆    
5 1381013   213810134   第一借阅区/ [索取号:A81/433] 在馆    
唐山师范学院图书馆 欢迎您!
大连网信软件有限公司© 版权所有